000 00404nam a2200169 i 4500
001 bg
245 0 _aMały ilustrowany leksykon techniczny.
250 _aWyd.2.
260 _aWarszawa :
_bWydawnictwa Naukowo-Techniczne,
_c1983.
650 9 _aTechnika
655 _aEncyklopedie
040 _cBPK
041 _apol
080 _a62(03)
942 _cKS
008 s pl f |000 0 pol
999 _c28955
_d28955
856 _uhttp://koha.tu.koszalin.pl/cgi-bin/koha/opac-detail.pl?biblionumber=28955
_yKatalog online BPK